Представление документа в формате MARC21

Поле Инд. ПП Название Значение
Тип записи a
Библиографический уровень m
001 Контрольный номер RU/IS/BASE/264545989
005 Дата корректировки 20250417170005.5
008 Кодируемые данные 19971103
040 00 e Правила каталог. Л 971103
084 a Индекс другой классификации/Индекс ББК 84(2=411.2)6-44
090 00 a Полочн. индекс 84(2=411.2)6-44
x Авторский знак Д 534
097 00 a 210
100 10 a Автор Дмитриева В. И.
d Даты 1859-1947
q Полное имя Дмитриева Валентина Иововна
245 00 a Заглавие Повести и рассказы
c Ответственность вступительная статья, составление, примечание А. В. Прямкова
260 00 a Место издания Москва
b Издательство Советская Россия
c Дата издания 1976
300 00 a Объем 368 с.
b Иллюстрации/ тип воспроизводства портр.
336 a Термин вида содержания Текст
337 a Термин типа средства непосредственный
504 a Библиография Примеч.
505 0_ a Форматированное содержание Доброволец
a Форматированное содержание Тучки
a Форматированное содержание Майна-вира
a Форматированное содержание Димка
a Форматированное содержание Малыш и Жучка
a Форматированное содержание Больничный сторож Хвеська
600 14 a Персоналии Дмитриева Валентина Иововна
650 04 a Основная рубрика художественная литература
653 00 a Ключевые слова XIX век
a Ключевые слова XX век
a Ключевые слова Россия
a Ключевые слова русская литература
655 00 a Жанр/ форма (устаревшее) проза
a Жанр/ форма (устаревшее) повесть
a Жанр/ форма (устаревшее) рассказ
700 10 a Автор Прямков А. В.
e Роль лиц автор вступительной статьи; составитель
901 t Тип документа m
952 a Тип литературы для КСУ ВШ ЛХИ